000 00770nam a22002657a 4500
001 001001
003 DO-SdBNP
005 20251112122013.0
007 001001
008 160808b 2004 sp 00| 0 spa d
020 _a8496246426
040 _aBPMSU
_bspa
_cBPMSU
082 4 _a813.4
_bT969p 2004
_222
100 1 _aTwain, Mark
_d1835-1910.
245 1 3 _aEl principe y el mendigo /
_cMark Twain ; traducción Amaro Lázaro Ros
260 _aMadrid :
_bDiario El País,
_c2004.
300 _a281 p. :
_c20 cm.
490 0 _aEl País ;
_aAventuras,
_v33
590 _6Inventariado, 2022/VM
650 4 _aNovela estadounidenses.
650 4 _aReyes y soberanos
_vNovela
700 1 _aLázaro Ros, Amando,
_etr.
910 _aBTAVÁREZ/VMateo V. /Validado
942 _2ddc
_cBK
999 _c11111
_d11111